000 01003cam a2200253 i 4500
999 _c58418
_d58418
001 18276691
005 20220125113903.0
008 140822s2015 enk b 001 0 eng
020 _a9781138784383
041 _aeng
080 _a372.21 T-45
100 1 _aThornton, Linda
_913445
245 1 0 _aUnderstanding the Reggio approach :
_bearly years education in practice /
_cLinda Thornton and Pat Brunton.
250 _aThird Edition.
264 1 _aLondon :
_bRoutledge, Taylor & Francis Group,
_c2015.
300 _a138 pages ;
_c26 cm.
653 _aრეჯიოს მიდგომის გაგება
653 _aПонимание подхода Реджо
653 _aსკოლამდელი განათლება
653 _aДошкольное образование
700 1 _aBrunton, Pat.
_eავტორი
_913446
942 _2udc
_cBK
955 _bre25 2014-08-22
_ire25 2014-08-26 (telework) to Dewey
_axn12 2016-10-04 1 copy rec'd., to CIP ver.